<?xml version="1.0" encoding="utf-8"?>
<?xml-stylesheet type='text/xsl' href='./oai2.xsl'?>
<OAI-PMH xmlns="http://www.openarchives.org/OAI/2.0/" xmlns:xsi="http://www.w3.org/2001/XMLSchema-instance" xsi:schemaLocation="http://www.openarchives.org/OAI/2.0/ http://www.openarchives.org/OAI/2.0/OAI-PMH.xsd">
  <responseDate>2026-06-05T11:57:37Z</responseDate>
  <request verb="GetRecord" metadataPrefix="marcxml" identifier="record_kuniweb_29608">https://kulturerbe.niedersachsen.de/oai</request>
  <GetRecord>
    <record>
      <header>
        <identifier>record_kuniweb_29608</identifier>
        <datestamp>2021-03-24T08:59:20Z</datestamp>
        <setSpec>slg0112</setSpec>
      </header>
      <metadata>
        <marc:record xmlns:marc="http://www.loc.gov/MARC21/slim" xsi:schemaLocation="http://www.loc.gov/MARC21/slim http://www.loc.gov/standards/marcxml/schema/MARC21slim.xsd">
          <marc:leader>12345nrm  22     uu 4500</marc:leader>
          <marc:controlfield tag="001">29608</marc:controlfield>
          <marc:controlfield tag="003">http://kuniweb.gbv.de</marc:controlfield>
          <marc:controlfield tag="005">2014-10-24T11:28:39</marc:controlfield>
          <marc:controlfield tag="008">|           ||||||||||||||||||||||</marc:controlfield>
          <marc:datafield tag="245" ind1="1" ind2="0">
            <marc:subfield code="a">Putte (Engelskopf)</marc:subfield>
          </marc:datafield>
          <marc:datafield tag="655" ind1=" " ind2="7">
            <marc:subfield code="a">Alltagskultur</marc:subfield>
          </marc:datafield>
          <marc:datafield tag="046" ind1=" " ind2=" ">
            <marc:subfield code="k">1600</marc:subfield>
            <marc:subfield code="k">1600 (geschätzt) - 1680 (geschätzt)</marc:subfield>
            <marc:subfield code="l">1680</marc:subfield>
          </marc:datafield>
          <marc:datafield tag="260" ind1=" " ind2=" ">
            <marc:subfield code="g">1600</marc:subfield>
            <marc:subfield code="g">1680</marc:subfield>
            <marc:subfield code="g">1600 (geschätzt) - 1680 (geschätzt)</marc:subfield>
          </marc:datafield>
          <marc:datafield tag="300" ind1=" " ind2=" ">
            <marc:subfield code="a">Gewicht: 900 g
Breite: 16 cm
Höhe: 52 cm</marc:subfield>
          </marc:datafield>
          <marc:datafield tag="520" ind1=" " ind2=" ">
            <marc:subfield code="a">Putte, handgeschnitzter Holzkopf (Engel), nach links sehend, mit Flügel und Früchten. Schwarze lockige Haare, blaue Augen, bogenförmiger roter Mund mit herabhängenden Mundwinkeln, weiße Flügel. Der untere Teil besteht aus dunklen Blättern mit einer geschlossenen Frucht [Birne] in brauner Farbe, darunter sind einige dunkelgrüne Beeren zu sehen. Auf der Rückseite ist der alte Stempel des Oberharzer Museums Zellerfeld mit der Nummer "445" in schwarzer Farbe zu erkennen. Die Nummer des mittelalten Inventars "191" findet sich in weißer Farbe auf der Vorderseite der Blätter. Die Farbe im Gesicht ist an der Nasenspitze teilweise abgeplatzt. Im oberen Flügel ist über der Stirn ein Loch gebohrt. Im unteren Bereich der Flügel sind 3 weitere Löcher zu erkennen (2 im linken, 1 im rechten Flügel). Im unteren linken Bereich der Blätter ist ein 6 cm langes Stück angeklebt worden. Auf der Rückseite sind Farbkleckse und Holzabsplitterungen zu konstatieren.  (Oberharzer Bergwerksmuseum)</marc:subfield>
          </marc:datafield>
          <marc:datafield tag="650" ind1="1" ind2=" ">
            <marc:subfield code="a">Putto</marc:subfield>
          </marc:datafield>
          <marc:datafield tag="650" ind1="1" ind2=" ">
            <marc:subfield code="a">Dreidimensionale Bildwerke</marc:subfield>
          </marc:datafield>
          <marc:datafield tag="773" ind1="0" ind2=" ">
            <marc:subfield code="t">Allgemeine Sammlung</marc:subfield>
          </marc:datafield>
          <marc:datafield tag="852" ind1=" " ind2=" ">
            <marc:subfield code="a">Oberharzer Bergwerksmuseum</marc:subfield>
          </marc:datafield>
          <marc:datafield tag="" ind1=" " ind2=" ">
            <marc:subfield code="a">Namensnennung - Weitergabe unter gleichen Bedingungen 4.0 International (CC BY-SA 4.0)</marc:subfield>
          </marc:datafield>
        </marc:record>
      </metadata>
    </record>
  </GetRecord>
</OAI-PMH>
